000 00472pab a2200181 454500
008 180718b2002 xxu||||| |||| 00| 0 eng d
100 _aRay, P.K.
245 _aDecent work in the informal sector: training issues
260 _c2002
300 _ap.1163-173.
362 _aOct-Dec
650 _aInformal sector
650 _aEmployment
650 _aTraining
650 _aConditions of employment
773 _aIndian Journal of Labour Economics
909 _a55221
999 _c55221
_d55221